Διαμελισμένη Ευρώπη : η νέα ηγεμονία στην Ανατολή

Αποθηκεύτηκε σε:
Λεπτομέρειες βιβλιογραφικής εγγραφής
Κύριος συγγραφέας: Burgess, Adam
Άλλοι συγγραφείς: Κουσουνέλος, Γεώργιος Η., 1938- (Μεταφραστής)
Μορφή: Βιβλίο
Γλώσσα:Greek
English
Δημοσίευση: Αθήνα : Μπουκουμάνης, 2001.
Σειρά:Δοκίμιο (Μπουκουμάνης)
Θέματα:
Ετικέτες: Προσθήκη ετικέτας
Δεν υπάρχουν, Καταχωρήστε ετικέτα πρώτοι!

MARC

LEADER 00000cam a2200000 i 4500
001 1/29175
008 021112s2001 gr | ||| |||| ||gre||
020 |a 9607458508 
035 |l 10068750 
040 |a GR-MyUa  |b gre   |e AACR2  
041 1 |a gre  |h eng 
082 7 |a 940.09717   |2 (22)  
100 1 |a Burgess, Adam. 
245 1 0 |a Διαμελισμένη Ευρώπη :   |b η νέα ηγεμονία στην Ανατολή /   |c Άνταμ Μπέρτζες ; μετάφραση από τα αγγλικά: Γ. Κουσουνέλου. 
260 |a Αθήνα :   |b Μπουκουμάνης,   |c 2001. 
300 |a 364 σ. ;   |c 21 εκ.  
490 1 |a (Δοκίμιο / Μπουκουμάνης)  
500 |a Τίτλος πρωτοτύπου: Divided Europe.  
504 |a Περιλαμβάνει βιβλιογραφία (σ.354-358) και ευρετήριο. 
650 0 |a Cold War. 
651 0 |a Europe, Eastern  |x Civilization  |y 20th century  |x Foreign public opinion. 
651 0 |a Europe, Eastern  |x Civilization  |y 20th century. 
651 0 |a Europe, Eastern  |x Civilization  |x Foreign influences. 
700 1 |a Κουσουνέλος, Γεώργιος Η.,   |d 1938-  |e trl 
830 0 |a Δοκίμιο (Μπουκουμάνης) 
852 |a INST  |b RHODES  |e 20021112  |h 940.09717 BUR  |p 005400016090  |q 005400016090  |t BK  |y 0 
901 |a BIBL4-2002-3 
922 |a 4ΕΛΗ  |b 200210  |c Βιβλιοθήκη  |d ΔΕΝΤΡΟ 
950 |a 094-2002-10-05 
970 |a Κουλακιώτη  |b Λίτσα   |z 2002/12/03